| 000 | 00447nam a2200145Ia 4500 | ||
|---|---|---|---|
| 008 | 220204s9999 xx 000 0 und d | ||
| 082 |
_a338.43.01(540) _bPAL |
||
| 100 | _aPal, Suresh | ||
| 245 | 0 | _aInstitutional change in Indian agriculture | |
| 260 |
_aNew Delhi _bNational Centre for Agricultural Economics & Policy Research _c2003 |
||
| 650 | _aSustainable agriculture | ||
| 650 | _aWater crisis | ||
| 650 | _aWatershed program | ||
| 942 | _cBK | ||
| 999 |
_c44078 _d44078 |
||